| 000 | 01209 a2200229 4500 | ||
|---|---|---|---|
| 001 | 41222 | ||
| 005 | 20260407155706.0 | ||
| 008 | 260407a2007 arg spa d | ||
| 003 | AR-UNSa-BCEJYS | ||
| 040 |
_aAR-UNSa-BCEJYS _bspa _cAR-UNSa-BCEJYS |
||
| 080 |
_a347.736 _xQuiebra. Insolvencia. Suspensión de pagos. Bancarrota, procedimientos. Derecho Concursal |
||
| 245 | 1 | 0 |
_aConcursos y quiebras _pDoctrina. Jurisprudencia aplicable |
| 020 | _a978-950-894-593-8 | ||
| 264 | 1 |
_aBuenos Aires : _bAD-HOC _c2007 |
|
| 300 |
_a716 p. _c23 cm. |
||
| 505 | _a1. La crisis en la empresa - 2. La legislación Argentina en materia de insolvencia - 3. Los procesos concursales bajo el régimen legal argentino - 4. Principios generales aplicables a los procesos concursales - 5. El concurso preventivo - 6. El acuerdo preventivo extrajudicial - 7. La quiebra - 8. Funcionarios de los concursos - 9. Reglas procesales - 10. Pequeños concursos - 11. Disposiciones transitorias y complementarias | ||
| 041 | _aspa | ||
| 942 | _cBK | ||
| 590 | _aniveau_biblio:m niveau_hierar:0 | ||
| 100 | 1 | _aVítolo, Daniel Roque | |
| 856 | 4 | 1 |
_uhttps://biblioeco.unsa.edu.ar/pmb/images/libros/L126469.jpg _yImagen de portada _qimage/jpeg |
| 999 |
_c3435 _d3435 |
||